| 000 | 00503nam a2200181Ia 4500 | ||
|---|---|---|---|
| 003 | GCL | ||
| 008 | 140319s9999 xx 000 0 eng d | ||
| 040 |
_aGCL / _cGCL |
||
| 082 | 0 | 4 |
_a658.562 _bCR |
| 100 | 1 | _aCONDRA, LIOYD W. | |
| 245 | 1 | 0 |
_aRELIABILITY IMPROVEMENT WITH DESIGN OF EXPERIMENTS / _cCONDRA, LIOYD W. |
| 260 |
_a[S.N] : _bMARGO VEILLON ET CLAUDE ، _c1993 |
||
| 300 | _a370 P | ||
| 650 | 0 | 4 | _aEXPERIMENTAL DESIGN |
| 650 | 0 | 4 | _aQUALITY CONTROL |
| 650 | 0 | 4 | _aRELIABILITY |
| 942 |
_2ddc _cBK |
||
| 999 |
_c22089 _d22089 |
||